Т. 320, № 2 : Математика и механика. Физика; Известия Томского политехнического университета [Известия ТПУ]
| Parent link: | Известия Томского политехнического университета [Известия ТПУ]/ Томский политехнический университет (ТПУ). Т. 320, № 2 : Математика и механика. Физика.— , 2000- |
|---|---|
| Idioma: | russo |
| Publicado em: |
2012
|
| Assuntos: |
Москалев
> В. А.
> Владилен Александрович
> российский ученый
> электротехник
> профессор Томского политехнического университета
> 1927-
> Томск
Усов
> Ю. П.
> российский ученый, электротехник
> профессор Томского политехнического университета, доктор технических наук
> 1937-
> Юрий Петрович
> Томск
> TPU
Трясучев
> В. А.
> физик
> профессор Томского политехнического университета, доктор физико-математических наук
> 1947-
> Владимир Андреевич
> Томск
Евтушенко
> Г. С.
> российский специалист в области электрофизики
> профессор Томского политехнического университета, доктор технических наук
> 1947-
> Геннадий Сергеевич
> TPU
> Томск
|
| Formato: | MixedMaterials Livro |
| KOHA link: | https://koha.lib.tpu.ru/cgi-bin/koha/opac-detail.pl?biblionumber=213674 |
MARC
| LEADER | 00000nam2a2200000 4500 | ||
|---|---|---|---|
| 001 | 213674 | ||
| 005 | 20231219163714.0 | ||
| 035 | |a (RuTPU)RU\TPU\book\233487 | ||
| 035 | |a RU\TPU\book\221233 | ||
| 035 | |a RU\TPU\book\205139 | ||
| 090 | |a 213674 | ||
| 100 | |a 20120416d2012 k y0rusy50 ca | ||
| 101 | 0 | |a rus | |
| 102 | |a RU | ||
| 105 | |a a z 001zd | ||
| 200 | 0 | |a Т. 320, № 2 : Математика и механика. Физика | |
| 210 | |d 2012 | ||
| 215 | |a 161 с. |c ил. | ||
| 320 | |a Библиография в конце статей | ||
| 461 | 1 | |0 (RuTPU)RU\TPU\book\176237 |t Известия Томского политехнического университета [Известия ТПУ] |f Томский политехнический университет (ТПУ) |v Т. 320, № 2 : Математика и механика. Физика |d 2000- | |
| 600 | 1 | |a Москалев |b В. А. |g Владилен Александрович |c российский ученый |c электротехник |c профессор Томского политехнического университета |f 1927- |y Томск |2 stltpush |3 (RuTPU)RU\TPU\pers\12401 | |
| 600 | 1 | |a Усов |b Ю. П. |c российский ученый, электротехник |c профессор Томского политехнического университета, доктор технических наук |f 1937- |g Юрий Петрович |y Томск |x TPU |2 stltpush |3 (RuTPU)RU\TPU\pers\19875 | |
| 600 | 1 | |a Трясучев |b В. А. |c физик |c профессор Томского политехнического университета, доктор физико-математических наук |f 1947- |g Владимир Андреевич |y Томск |2 stltpush |3 (RuTPU)RU\TPU\pers\22015 |9 9312 | |
| 600 | 1 | |a Евтушенко |b Г. С. |c российский специалист в области электрофизики |c профессор Томского политехнического университета, доктор технических наук |f 1947- |g Геннадий Сергеевич |x TPU |y Томск |2 stltpush |3 (RuTPU)RU\TPU\pers\21960 |9 9279 | |
| 600 | 1 | |a Могильницкий |b С. Б. |c физик |c доцент Томского политехнического университета, кандидат физико-математических наук |f 1951- |g Сергей Борисович |y Томск |2 stltpush |3 (RuTPU)RU\TPU\pers\25470 |9 11409 | |
| 601 | 0 | 2 | |a Национальный исследовательский Томский политехнический университет (НИ ТПУ) |c (2009- ) |2 stltpush |3 (RuTPU)RU\TPU\col\15902 |
| 606 | 1 | |a Высшие технические учебные заведения |2 stltpush |3 (RuTPU)RU\TPU\subj\3996 |9 32316 | |
| 610 | 1 | |a научно-технические исследования | |
| 610 | 1 | |a математика | |
| 610 | 1 | |a механика | |
| 610 | 1 | |a физика | |
| 610 | 1 | |a евклидовы пространства | |
| 610 | 1 | |a двумерные площадки | |
| 610 | 1 | |a целочисленные порядки | |
| 610 | 1 | |a центробежные судовые электровентиляторы | |
| 610 | 1 | |a квазислучайные последовательности | |
| 610 | 1 | |a кривошипно-ползунные механизмы | |
| 610 | 1 | |a шатуны | |
| 610 | 1 | |a грузоподъемные краны | |
| 610 | 1 | |a совмещенные рабочие процессы | |
| 610 | 1 | |a параметры | |
| 610 | 1 | |a оптимизация | |
| 610 | 1 | |a электронные ускорители | |
| 610 | 1 | |a рентгеновское излучение | |
| 610 | 1 | |a отражательные триоды | |
| 610 | 1 | |a спонтанное излучение | |
| 610 | 1 | |a плазменные каналы | |
| 610 | 1 | |a коаксиальные магнитоплазменные ускорители | |
| 610 | 1 | |a газодинамические процессы | |
| 610 | 1 | |a заряженные частицы | |
| 610 | 1 | |a траектории | |
| 610 | 1 | |a керамика | |
| 610 | 1 | |a производство | |
| 610 | 1 | |a спекание | |
| 610 | 1 | |a искровой разряд | |
| 610 | 1 | |a плазма | |
| 610 | 1 | |a износостойкие покрытия | |
| 610 | 1 | |a имплантаты | |
| 610 | 1 | |a магнетронные напыления | |
| 610 | 1 | |a электронно-лучевая наплавка | |
| 610 | 1 | |a градиентные среды | |
| 610 | 1 | |a изоэнтропическое течение | |
| 610 | 1 | |a теплопроводность | |
| 610 | 1 | |a мобильные машины | |
| 610 | 1 | |a топливо | |
| 610 | 1 | |a очистка | |
| 610 | 1 | |a подогрев | |
| 610 | 1 | |a жидкокапельные аэрозоли | |
| 610 | 1 | |a эволюция | |
| 610 | 1 | |a галогениды лития | |
| 610 | 1 | |a поликристаллический кремний | |
| 610 | 1 | |a метод Бриджмена | |
| 610 | 1 | |a труды учёных ТПУ | |
| 675 | |a 62 |v 3 | ||
| 801 | 1 | |a RU |b 63413507 |c 20110406 | |
| 801 | 2 | |a RU |b 63413507 |c 20120528 |g RCR | |
| 942 | |c CR | ||